[Event "Antwerp World Uni op"]
[Site "Antwerp"]
[Date "2022.09.16"]
[Round "8"]
[White "Van Dijck, Bjarne"]
[Black "Stijve, Theo"]
[Result "0-1"]
[WhiteElo "2080"]
[BlackElo "2392"]
[PlyCount "44"]
[EventDate "2022.09.12"]
[EventType "swiss"]
[EventRounds "9"]
[EventCountry "BEL"]
[SourceTitle "EXT 2023"]
[Source "ChessBase"]
[SourceDate "2022.10.05"]
[SourceVersion "1"]
[SourceVersionDate "2022.10.05"]
[SourceQuality "1"]

1. e4 c5 2. Nf3 d6 3. Bb5+ Nd7 4. d4 cxd4 5. Qxd4 a6 6. Bxd7+ Bxd7 7. Nc3 Nf6 8. 0-0 e6 9. Bg5 Be7 10. Rad1 Bc6 11. Rfe1 0-0 12. Qd3 Qa5 13. Qd2 Qb6 14. Qd4 Qc7 15. e5 dxe5 16. Nxe5 Rfd8 17. Qf4 Be8 18. Rxd8 Rxd8 19. Ne4 Nh5 20. Qf3 f6 21. g4 fxg5 22. gxh5 Qxe5 0-1

[Event "Antwerp World Uni op"]
[Site "Antwerp"]
[Date "2022.09.15"]
[Round "6"]
[White "Tan, Jun Hao"]
[Black "Van Dijck, Bjarne"]
[Result "1-0"]
[WhiteElo "1796"]
[BlackElo "2080"]
[PlyCount "147"]
[EventDate "2022.09.12"]
[EventType "swiss"]
[EventRounds "9"]
[EventCountry "BEL"]
[SourceTitle "EXT 2023"]
[Source "ChessBase"]
[SourceDate "2022.10.05"]
[SourceVersion "1"]
[SourceVersionDate "2022.10.05"]
[SourceQuality "1"]

1. e4 e5 2. Nf3 Nc6 3. Bc4 Nf6 4. d3 Bc5 5. c3 a6 6. 0-0 Ba7 7. Nbd2 0-0 8. Re1 d6 9. Bb3 Ng4 10. Re2 Kh8 11. Nf1 f5 12. exf5 Bxf5 13. d4 Qf6 14. h3 Nh6 15. Bg5 Qg6 16. Qd2 Nf7 17. Bxf7 Qxf7 18. Be3 exd4 19. Nxd4 Nxd4 20. Bxd4 Bxd4 21. Qxd4 Rae8 22. Rae1 Rxe2 23. Rxe2 Re8 24. Rxe8+ Qxe8 25. Ne3 Be4 26. Qc4 Bc6 27. Qf4 Kg8 28. Nf5 Qf8 29. Qg5 Kh8 30. Ne7 Bd7 31. Qh4 Qe8 32. Nd5 c6 33. Ne3 Be6 34. a4 a5 35. Qd4 Qd8 36. Qa7 Qc7 37. Qa8+ Bg8 38. Qf8 d5 39. Nf5 Qe5 40. f4 Qf6 41. Qxf6 gxf6 42. Nd6 b6 43. Nc8 b5 44. Ne7 bxa4 45. Nxc6 Be6 46. Kf2 Kg7 47. Ke3 Kg6 48. Nxa5 Kh5 49. Nc6 Kh4 50. Nd4 Bd7 51. Kf2 Bc8 52. Nf3+ Kh5 53. Ke3 Kg6 54. g4 h5 55. f5+ Kf7 56. Kf4 hxg4 57. hxg4 Ke7 58. g5 fxg5+ 59. Kxg5 Kd6 60. f6 Be6 61. Kf4 Kc5 62. Ke3 Kc4 63. Nd2+ Kc5 64. Kf4 d4 65. c4 Bf7 66. Kf5 d3 67. Ke4 Bxc4 68. Nxc4 Kxc4 69. Ke3 a3 70. bxa3 Kc3 71. f7 d2 72. f8Q d1Q 73. Qb4+ Kc2 74. Qa4+ 1-0

[Event "Antwerp World Uni blitz op"]
[Site "Antwerp"]
[Date "2022.09.14"]
[Round "1"]
[White "Alexakis, Dimitris"]
[Black "Van Dijck, Bjarne"]
[Result "1-0"]
[WhiteElo "2473"]
[BlackElo "2054"]
[PlyCount "49"]
[EventDate "2022.09.14"]
[EventType "swiss (blitz)"]
[EventRounds "9"]
[EventCountry "BEL"]
[SourceTitle "CBM 210 Extra"]
[Source "ChessBase"]
[SourceDate "2022.11.30"]
[SourceVersion "1"]
[SourceVersionDate "2022.11.30"]
[SourceQuality "1"]

1. e4 e5 2. Nf3 Nc6 3. Bb5 f5 4. d3 fxe4 5. dxe4 Nf6 6. 0-0 Bc5 7. Bxc6 bxc6 8. Nxe5 0-0 9. Nc3 Qe7 10. Nd3 Bd4 11. e5 Ne8 12. Bf4 Ba6 13. Bg3 Rb8 14. Rb1 g6 15. Qg4 Bxd3 16. cxd3 Qb4 17. Ne4 Rf5 18. Kh1 Qa4 19. Nc3 Qb4 20. a3 Qb6 21. Na4 Qb3 22. Qxd4 Ng7 23. Nc5 Qb5 24. Nxd7 Re8 25. Nf6+ 1-0

[Event "Antwerp World Uni blitz op"]
[Site "Antwerp"]
[Date "2022.09.14"]
[Round "7"]
[White "Van Dijck, Bjarne"]
[Black "Nyola, Wasswa Mark"]
[Result "0-1"]
[WhiteElo "2054"]
[BlackElo "1725"]
[PlyCount "100"]
[EventDate "2022.09.14"]
[EventType "swiss (blitz)"]
[EventRounds "9"]
[EventCountry "BEL"]
[SourceTitle "CBM 210 Extra"]
[Source "ChessBase"]
[SourceDate "2022.11.30"]
[SourceVersion "1"]
[SourceVersionDate "2022.11.30"]
[SourceQuality "1"]

1. e4 e5 2. Nf3 Nc6 3. Bc4 Bc5 4. 0-0 Nf6 5. d4 Bxd4 6. Nxd4 Nxd4 7. f4 d6 8. fxe5 dxe5 9. Bg5 Be6 10. Na3 c6 11. c3 Bxc4 12. Nxc4 Ne6 13. Bxf6 gxf6 14. Qf3 Qe7 15. Rad1 Rd8 16. Rxd8+ Kxd8 17. Kh1 b5 18. Ne3 Ng5 19. Qd1+ Kc7 20. Qc2 Rd8 21. a4 a6 22. axb5 axb5 23. c4 Qc5 24. cxb5 Qxc2 25. Nxc2 cxb5 26. Nb4 Nxe4 27. Rc1+ Kb7 28. h3 Rc8 29. Re1 Rc4 30. Nd5 f5 31. Ne7 f4 32. b3 Ng3+ 33. Kh2 Re4 34. Rd1 Rd4 35. Re1 e4 36. Ng8 e3 37. Nf6 e2 38. Kg1 Kc6 39. Kf2 Kc5 40. Ng4 Kb4 41. Ne5 Kxb3 42. Nf3 Rd5 43. Rb1+ Kc2 44. Ra1 b4 45. Ra2+ Kb3 46. Ra1 Kb2 47. Re1 b3 48. Ng1 Rd2 49. Nxe2 Rxe2+ 50. Rxe2+ Nxe2 0-1

[Event "Brasschaat op 19th"]
[Site "Brasschaat"]
[Date "2019.08.24"]
[Round "8"]
[White "Van Dijck, Bjarne"]
[Black "Engelaer, Maurice"]
[Result "1-0"]
[WhiteElo "2053"]
[BlackElo "1875"]
[PlyCount "81"]
[EventDate "2019.08.17"]
[EventType "swiss"]
[EventRounds "9"]
[EventCountry "BEL"]
[SourceTitle "EXT 2020"]
[Source "ChessBase"]
[SourceDate "2019.10.17"]
[SourceVersion "1"]
[SourceVersionDate "2019.10.17"]
[SourceQuality "1"]

1. e4 c6 2. d4 d5 3. f3 e5 4. dxe5 Bc5 5. Nc3 Qb6 6. Na4 Qa5+ 7. c3 Bxg1 8. Rxg1 dxe4 9. Qd4 Be6 10. Nc5 Qc7 11. Nxe6 fxe6 12. Qxe4 Nd7 13. Bf4 Ne7 14. 0-0-0 0-0 15. Bg3 b5 16. Bd3 g6 17. Qg4 Nf5 18. Bxf5 Rxf5 19. Qd4 Nf8 20. Qe4 Rc8 21. Rd6 a5 22. Rgd1 c5 23. Bh4 g5 24. Bg3 Qe7 25. Kb1 c4 26. Qd4 b4 27. Ra6 bxc3 28. Qxc3 Qb4 29. Rxa5 Qxc3 30. bxc3 Rf7 31. Ra4 Rfc7 32. Rd6 Kf7 33. Raa6 Rb7+ 34. Rab6 Rcc7 35. Kc2 Rxb6 36. Rxb6 Ng6 37. a4 Rc5 38. Rb5 Rc7 39. a5 Ne7 40. Bf2 Kg6 41. a6 1-0

[Event "Charleroi op"]
[Site "Roux"]
[Date "2019.07.27"]
[Round "1"]
[White "Van Dijck, Bjarne"]
[Black "Sclacmender, Julien"]
[Result "1-0"]
[WhiteElo "2053"]
[BlackElo "2269"]
[PlyCount "83"]
[EventDate "2019.07.27"]
[EventType "swiss"]
[EventRounds "9"]
[EventCountry "BEL"]
[SourceTitle "CBM 191 Extra"]
[Source "ChessBase"]
[SourceDate "2019.09.30"]
[SourceVersion "1"]
[SourceVersionDate "2019.09.30"]
[SourceQuality "1"]

1. e4 d6 2. d4 Nf6 3. Nc3 e5 4. Nf3 Nbd7 5. Bc4 Be7 6. 0-0 0-0 7. h3 c6 8. a4 a5 9. Qe2 exd4 10. Nxd4 Nc5 11. Rd1 Qc7 12. Bf4 Be6 13. Nxe6 fxe6 14. Bg3 Kh8 15. e5 Nd5 16. Ne4 dxe5 17. Rd2 Nf4 18. Qe3 b6 19. Nxc5 Bxc5 20. Qe4 Rad8 21. Rad1 Rxd2 22. Rxd2 Bd6 23. c3 g6 24. Bxe6 Re8 25. Ba2 Nh5 26. Bh2 Nf6 27. Qd3 Bc5 28. Qc4 Qe7 29. Re2 e4 30. b4 axb4 31. cxb4 Rd8 32. Bg3 Rd4 33. Qc3 Rd3 34. Qxd3 exd3 35. Rxe7 Bxe7 36. Be5 h5 37. a5 bxa5 38. bxa5 Kh7 39. a6 d2 40. Bb3 Nd7 41. a7 Nb6 42. Kf1 1-0

[Event "Brasschaat op 18th"]
[Site "Brasschaat"]
[Date "2018.08.25"]
[Round "8"]
[White "Van Dijck, Bjarne"]
[Black "Grochal, Joey"]
[Result "0-1"]
[WhiteElo "1932"]
[BlackElo "2300"]
[PlyCount "56"]
[EventDate "2018.08.18"]
[EventType "swiss"]
[EventRounds "9"]
[EventCountry "BEL"]
[SourceTitle "CBM 186 Extra"]
[Source "ChessBase"]
[SourceDate "2018.08.24"]
[SourceVersion "1"]
[SourceVersionDate "2018.08.24"]
[SourceQuality "1"]

1. e4 c5 2. c3 Nf6 3. e5 Nd5 4. d4 cxd4 5. cxd4 Nc6 6. Nf3 d6 7. Bc4 Nb6 8. Bb3 dxe5 9. d5 Na5 10. Nc3 f6 11. Be3 g6 12. 0-0 Bd7 13. Bc5 Nbc4 14. Qe2 Nd6 15. Nxe5 fxe5 16. Qxe5 Nf7 17. Qe2 Nxb3 18. axb3 Bg7 19. Rfe1 Be5 20. f4 Bd6 21. Bd4 0-0 22. Rxa7 Rxa7 23. Bxa7 b6 24. Ne4 Qc7 25. Qa6 Ra8 26. Ra1 Bxf4 27. d6 Nxd6 28. Nxd6 Bxd6 0-1

[Event "Brasschaat op 18th"]
[Site "Brasschaat"]
[Date "2018.08.23"]
[Round "6"]
[White "Van Dijck, Bjarne"]
[Black "Dauw, Sterre"]
[Result "1/2-1/2"]
[WhiteElo "1932"]
[BlackElo "2192"]
[PlyCount "165"]
[EventDate "2018.08.18"]
[EventType "swiss"]
[EventRounds "9"]
[EventCountry "BEL"]
[SourceTitle "CBM 186 Extra"]
[Source "ChessBase"]
[SourceDate "2018.08.24"]
[SourceVersion "1"]
[SourceVersionDate "2018.08.24"]
[SourceQuality "1"]

1. e4 e5 2. Nf3 Nc6 3. Nc3 Nf6 4. Bb5 Bd6 5. 0-0 0-0 6. d3 h6 7. Ne2 Re8 8. c3 Bf8 9. Ng3 a6 10. Ba4 b5 11. Bb3 Na5 12. Bc2 d5 13. d4 Bb7 14. dxe5 dxe4 15. exf6 exf3 16. fxg7 Bxg7 17. gxf3 Qh4 18. Be4 Bxe4 19. fxe4 Nc4 20. Qf3 Rad8 21. Qg2 Kh8 22. Nf5 Qf6 23. Qxg7+ Qxg7+ 24. Nxg7 Kxg7 25. b3 Nd2 26. Bxd2 Rxd2 27. Rfe1 Rc2 28. c4 bxc4 29. bxc4 Rxc4 30. Rac1 Rexe4 31. Rxc4 Rxc4 32. Re2 Rc3 33. Kf1 a5 34. Ke1 Kf6 35. f4 Rc4 36. Re5 a4 37. Rh5 Kg6 38. Rh4 f5 39. Kd2 c5 40. Kd3 Rb4 41. Kc3 a3 42. Kc2 Rb2+ 43. Kc3 Rxa2 44. Kb3 Ra1 45. Rh3 a2 46. Kb2 Rf1 47. Kxa2 Rxf4 48. Kb3 Rd4 49. Rc3 f4 50. Rxc5 f3 51. Rc2 Kg5 52. Kc3 Re4 53. Kd3 Kf4 54. Rc6 Re3+ 55. Kd4 Re4+ 56. Kd3 Re5 57. Rf6+ Kg4 58. Rg6+ Kh3 59. Rg3+ Kxh2 60. Rxf3 h5 61. Rf8 h4 62. Rg8 h3 63. Kd2 Kh1 64. Rg7 Kh2 65. Rg8 Ra5 66. Ke2 Ra1 67. Kf2 Ra2+ 68. Kf1 Rg2 69. Rh8 Rg5 70. Kf2 Rf5+ 71. Ke2 Kg3 72. Rg8+ Kh4 73. Rh8+ Kg3 74. Rg8+ Kh2 75. Rg7 Kh1 76. Rg8 h2 77. Rg7 Ra5 78. Kf2 Ra1 79. Rg8 Rg1 80. Rf8 Rg2+ 81. Kf1 Rg6 82. Kf2 Rf6+ 83. Rxf6 1/2-1/2

[Event "BEL-ch op"]
[Site "Niel"]
[Date "2017.07.06"]
[Round "6"]
[White "Van Dijck, Bjarne"]
[Black "Akulova, Alicia"]
[Result "1-0"]
[WhiteElo "1787"]
[BlackElo "1528"]
[PlyCount "47"]
[EventDate "2017.07.01"]
[EventType "swiss"]
[EventRounds "9"]
[EventCountry "BEL"]
[SourceTitle "EXT 2018"]
[Source "ChessBase"]
[SourceDate "2017.10.13"]
[SourceVersion "1"]
[SourceVersionDate "2017.10.13"]
[SourceQuality "1"]

1. b3 c5 2. Bb2 e6 3. e3 Nf6 4. Nf3 d5 5. Bb5+ Nc6 6. 0-0 Be7 7. Bxc6+ bxc6 8. Ne5 Qc7 9. d3 0-0 10. f4 a5 11. Rf3 a4 12. Rh3 axb3 13. axb3 Ba6 14. g4 Ne8 15. g5 g6 16. Qe1 f6 17. Qh4 Bd8 18. Ng4 Ra7 19. gxf6 Bb5 20. Rxa7 Qxa7 21. Nh6+ Kh8 22. f7+ Ng7 23. Nf5 h5 24. Qxh5+ 1-0

[Event "BEL-ch op"]
[Site "Niel"]
[Date "2017.07.01"]
[Round "1"]
[White "Mollekens, Roeland"]
[Black "Van Dijck, Bjarne"]
[Result "1-0"]
[WhiteElo "1977"]
[BlackElo "1787"]
[PlyCount "47"]
[EventDate "2017.07.01"]
[EventType "swiss"]
[EventRounds "9"]
[EventCountry "BEL"]
[SourceTitle "EXT 2018"]
[Source "ChessBase"]
[SourceDate "2017.10.13"]
[SourceVersion "1"]
[SourceVersionDate "2017.10.13"]
[SourceQuality "1"]

1. e4 e5 2. Nf3 Nc6 3. Nc3 Nf6 4. d4 exd4 5. Nxd4 Bb4 6. Nxc6 bxc6 7. Bd3 d5 8. e5 Ng4 9. 0-0 0-0 10. Bf4 Re8 11. Re1 Bc5 12. Bg3 h5 13. Be2 Qg5 14. h4 Nxf2 15. Bxf2 Bxf2+ 16. Kxf2 Qxh4+ 17. Kg1 Rxe5 18. Bf3 Rg5 19. Re8+ Kh7 20. Qd2 Qg3 21. Rf1 h4 22. Ne2 Bh3 23. Nxg3 Rxe8 24. Qxg5 1-0

[Event "BEL-ch U14"]
[Site "Blankenberge"]
[Date "2015.04.18"]
[Round "9"]
[White "Van Dijck, Bjarne"]
[Black "De Waele, Warre"]
[Result "1/2-1/2"]
[WhiteElo "1529"]
[BlackElo "1603"]
[PlyCount "43"]
[EventDate "2015.04.12"]
[EventType "swiss"]
[EventRounds "9"]
[EventCountry "BEL"]
[SourceTitle "CBM 166 Extra"]
[Source "ChessBase"]
[SourceDate "2015.06.18"]
[SourceVersion "1"]
[SourceVersionDate "2015.06.18"]
[SourceQuality "1"]

1. e4 c5 2. Nf3 d6 3. d4 cxd4 4. Nxd4 Nf6 5. Nc3 g6 6. f4 Nc6 7. Bb5 Qc7 8. Nd5 Nxd5 9. exd5 a6 10. Bxc6+ bxc6 11. Nxc6 Bb7 12. Qd4 Rg8 13. Qa4 Bxc6 14. dxc6 Bg7 15. Rb1 e6 16. Bd2 Ke7 17. Ba5 Qa7 18. Qa3 Rgc8 19. c7 Bd4 20. Rd1 Bc5 21. b4 Bb6 22. Qd3 1/2-1/2

[Event "BEL-ch U14"]
[Site "Blankenberge"]
[Date "2015.04.17"]
[Round "8"]
[White "Van Malder, Klaus"]
[Black "Van Dijck, Bjarne"]
[Result "1-0"]
[WhiteElo "1269"]
[BlackElo "1529"]
[PlyCount "117"]
[EventDate "2015.04.12"]
[EventType "swiss"]
[EventRounds "9"]
[EventCountry "BEL"]
[SourceTitle "CBM 166 Extra"]
[Source "ChessBase"]
[SourceDate "2015.06.18"]
[SourceVersion "1"]
[SourceVersionDate "2015.06.18"]
[SourceQuality "1"]

1. e4 e5 2. Nf3 Nc6 3. d4 exd4 4. Nxd4 Nf6 5. Nc3 Bb4 6. Nxc6 bxc6 7. Bd3 d5 8. exd5 cxd5 9. 0-0 0-0 10. Bg5 c6 11. Qf3 Re8 12. a3 Ba5 13. b4 Bc7 14. Rae1 Be5 15. Na4 h6 16. Bxf6 Bxf6 17. Re2 Rxe2 18. Qxe2 Qe7 19. Re1 Qxe2 20. Rxe2 Bg4 21. f3 Be6 22. Kf1 a5 23. Nc5 axb4 24. a4 Bd4 25. Nxe6 fxe6 26. Rxe6 c5 27. Bb5 Ra5 28. Rd6 Kf7 29. Rxd5 Ra7 30. Rd7+ Rxd7 31. Bxd7 Ke7 32. Bb5 Kd6 33. Ke2 Kd5 34. Kd3 Be5 35. h3 g5 36. Bc4+ Kd6 37. Ke4 Bg7 38. a5 Kc7 39. Kf5 Bf8 40. g3 Kc6 41. h4 gxh4 42. gxh4 Be7 43. Kg4 Kd6 44. a6 Kc6 45. f4 Kb6 46. Kh5 Bd6 47. f5 Be7 48. Kxh6 Bxh4 49. Kg6 Ka7 50. f6 Bxf6 51. Kxf6 Kb6 52. Ke5 b3 53. cxb3 Ka7 54. Kd5 Kb6 55. Kd6 Ka5 56. a7 Kb6 57. Bd5 Kxa7 58. Kxc5 Kb8 59. Kb6 1-0

[Event "BEL-ch U14"]
[Site "Blankenberge"]
[Date "2015.04.14"]
[Round "4"]
[White "Bikady, Luka"]
[Black "Van Dijck, Bjarne"]
[Result "0-1"]
[WhiteElo "1273"]
[BlackElo "1529"]
[PlyCount "106"]
[EventDate "2015.04.12"]
[EventType "swiss"]
[EventRounds "9"]
[EventCountry "BEL"]
[SourceTitle "CBM 166 Extra"]
[Source "ChessBase"]
[SourceDate "2015.06.18"]
[SourceVersion "1"]
[SourceVersionDate "2015.06.18"]
[SourceQuality "1"]

1. d4 d5 2. Nf3 Nf6 3. c3 Bf5 4. Qb3 Qc8 5. Bf4 e6 6. Nh4 Bg6 7. Nxg6 hxg6 8. Nd2 c5 9. e3 Nc6 10. Be2 Nh5 11. Bxh5 gxh5 12. 0-0 f6 13. Bg3 h4 14. Bf4 g5 15. Bxg5 fxg5 16. Rac1 Bd6 17. Qc2 Rh6 18. e4 Ne7 19. e5 Bc7 20. f4 gxf4 21. Rxf4 Nf5 22. Qd1 Qd7 23. Nb3 b6 24. Qe2 c4 25. Nd2 0-0-0 26. b3 Rg8 27. bxc4 Rhg6 28. Rf2 Qg7 29. Kh1 h3 30. Rg1 hxg2+ 31. Rgxg2 Rxg2 32. Rxg2 Qxg2+ 33. Qxg2 Rxg2 34. Kxg2 Ne3+ 35. Kf3 Nxc4 36. Nxc4 dxc4 37. h4 Kd7 38. Ke4 Bd8 39. h5 Bg5 40. d5 exd5+ 41. Kxd5 b5 42. e6+ Kc7 43. Kc5 a6 44. Kb4 Kd6 45. a4 Kxe6 46. axb5 axb5 47. Kxb5 Kd5 48. Kb4 Bd2 49. h6 Bxh6 50. Ka3 Ke4 51. Kb2 Kd3 52. Kb1 Kxc3 53. Ka1 Kd2 0-1